000 00445nam a2200193Ia 4500
003 0100
008 130303s9999 xx 000 0 und d
040 _cARRUPELIB
050 _aBJ71.B7 1959
100 _aBroad, C.D
245 _aFive types of ethical theory
260 _aPaterson, New Jersey
260 _bLittlefield, Adams & Company
260 _C1959
300 _a288p.
300 _b 23 cm.
650 _aETHICS
942 0 0 _01
999 _c47697
_d47697